| 000 | 00388nam a2200121Ia 4500 | ||
|---|---|---|---|
| 008 | 180205s9999 xx 000 0 und d | ||
| 020 | _a9780768939903 | ||
| 100 | _aMuchnick, Justin Ross | ||
| 245 |
_aTeen's guide to college & career planning : _byour highschool roadmap to college and career success |
||
| 250 | _a12th ed | ||
| 260 |
_aUSA : _bPeterson's _c2015 |
||
| 300 | _avii, 242 pages | ||
| 999 |
_c354922 _d354922 |
||